000
00366nam a22001217a 4500
040
_c
HS
082
_a
333
100
_a
វន មុនិន្ទ
245
_a
ការវាយតម្លៃផលប៉ះពាល់បរិស្ថាន environmental impact assessment
260
_a
RUA
_b
វន មុនិន្ទ
_c
2009
300
_a
67p;
942
_c
KB
999
_c
9157
_d
9157